| 000 | 00659nam a22002057a 4500 | ||
|---|---|---|---|
| 999 |
_c62283 _d62283 |
||
| 005 | 20240913170841.0 | ||
| 008 | 240913s2023 enk||||| |||| 00| 0 eng d | ||
| 020 | _a9783662680377x | ||
| 041 | _aeng | ||
| 080 | _a005.334 O-50 | ||
| 100 |
_aOlson, David L. _923223 |
||
| 245 |
_aEnterprise Risk Management Models: _b Focus on Sustainability / _cDavid L. Olson, Desheng Wu. |
||
| 250 | _a4th Edition | ||
| 264 |
_aLincoln: _bSpringer, _c2023. |
||
| 300 |
_a248 p.; _b24 cm. |
||
| 653 | _aსაწარმოთა რისკი | ||
| 653 | _aმენეჯმენტი | ||
| 700 |
_aWu, Desheng _eავტორი _923224 |
||
| 942 |
_2udc _cBK |
||